| 000 | 00671cam a22002293a 4500 | ||
|---|---|---|---|
| 001 | 16983 | ||
| 003 | PGUSA | ||
| 005 | 20140828083349.0 | ||
| 008 | 051102s2005||||xxu|||||s|||||000 | eng d | ||
| 040 |
_aPGUSA _beng |
||
| 042 | _adc | ||
| 050 | 4 | _aBP | |
| 100 | 1 |
_aBahá'u'lláh, _d1817-1892 |
|
| 245 | 1 | 4 |
_aThe Kitáb-i-Íqán _h[electronic resource] / _cBahá'u'lláh |
| 260 |
_bProject Gutenberg, _c2005 |
||
| 506 | _aCopyrighted. Read the copyright notice inside this book for details. | ||
| 516 | _aElectronic text | ||
| 653 | _aBahai Faith -- Doctrines | ||
| 830 | 0 |
_aProject Gutenberg _v16983 |
|
| 856 | 4 | 0 | _uhttp://www.gutenberg.org/ebooks/16983 |
| 942 | _cEB | ||
| 999 |
_c246238 _d246238 |
||